000 00699nam a2200229Ia 4500
005 20241129120146.0
008 241129s9999||||xx |||||||||||||| ||und||
020 _a9783031303234
037 _aTB
040 _aSDCL
_beng
_cSDCL
041 _aeng
_2eng
084 _aB288, R3
_qSDCL
100 _aGiorgi Giorgio; Jimenez Bienvenido; Novo Vicente
_9729294
245 0 _aBasic mathematical programming theory
260 _aCham
_bSpringer
_c2023
300 _axii,433p.
365 _aEUR
_b109.99
490 _aInternational series in operations research & management science ( Vol. 344)
650 _aOperational Research
942 _cTB
_hB288, R3
999 _c1233594
_d1233594